000 00332nam a2200133 i 4500
001 bg
100 1 _aMAJEWSKI, Mieczysław.
245 0 _aZadania z geometrii wykreślnej.
_nCz.1 /
_cMieczysław Majewski.
260 _aSzczecin,
_c1970.
040 _cBPK
041 _apol
942 _cKS
008 s pl f |000 0 pol
999 _c7450
_d7450
856 _uhttp://koha.tu.koszalin.pl/cgi-bin/koha/opac-detail.pl?biblionumber=7450
_yKatalog online BPK